00275nam a2200109Ia 4500008004100000041000800041082001000049100001800059245004500077260003500122300000800157230511s1964 xx 000 0 und d aeng a657.2 aAlfred Palmar aKey to Munros Element any Book Keeping  aNew DelhibPitman Seriesc1964 a141